• 首页
  • 本馆介绍
  • 公告通知
  • 最新文献
  • 馆藏检索
  • 电子资源
  • 读者导购
  • 参考咨询
  • 我的图书馆
  • 登录
  • 详细信息显示
  • 放入我的书架
  • 预约/预借图书
  • 作者相关作品
  • 分类相关作品
  • 丛书相关作品
  • 出版社相关作品

书目信息

  • 表格格式
  • 工作单格式
  • 卡片格式
题名:
版本目录论丛
    
 
作者: 崔富章 著
分册:  
出版信息: 北京   中华书局  2014
页数: 494页
开本: 21cm
丛书名: 浙江大学古籍研究所中国古典文献学研究丛书
单 册:
中图分类: G256.22-53
科图分类:
主题词: 版本目录学--中国--文集
电子资源:
ISBN: 978-7-101-10345-8
000 00926oam2 2200265 450
001 339077
005 20150604100556.00
010    @a978-7-101-10345-8@dCNY58.00
100    @a20141220d2014 em y0chiy50 ea
101 0  @achi
102    @aCN@b110000
105    @ay z 000yy
106    @ar
200 1  @a版本目录论丛@Aban ben mu lu lun cong@f崔富章著
210    @a北京@c中华书局@d2014
215    @a494页@d21cm
225 2  @a浙江大学古籍研究所中国古典文献学研究丛书
300    @a浙江大学“211工程”古代文化典籍整理、研究与保护项目
330    @a本书为作者的论文集, 共收论文三十八篇, 粗分三組。第一组是关于四库学的论文, 第二组是关于楚辞学的论文, 第三足是关于其他古籍类的论文。
410  0 @12001 @a浙江大学古籍研究所中国古典文献学研究丛书
606 0  @a版本目录学@y中国@j文集
690    @aG256.22-53@v5
701  0 @a崔富章@Acui fu zhang@f(1941)@4著
801  0 @aCN@b卓展宏图@c20150525
905    @dG256.22-53@e82@f5
    
    版本目录论丛/崔富章著.-北京:中华书局,2014
    494页;21cm.-(浙江大学古籍研究所中国古典文献学研究丛书)
    浙江大学“211工程”古代文化典籍整理、研究与保护项目
    
    ISBN 978-7-101-10345-8:CNY58.00
    本书为作者的论文集, 共收论文三十八篇, 粗分三組。第一组是关于四库学的论文, 第二组是关于楚辞学的论文, 第三足是关于其他古籍类的论文。
●
相关链接 在E读中查询图书 在五车中查询图书 在当当中查询图书 在豆瓣中查询图书


正题名:版本目录论丛     索取号:G256.22-53/82         预约/预借

序号 登录号 条形码 馆藏地/架位号 状态 备注
1 859256   208592566   第一样本阅览室/ [索取号:G256.22-53/82] 在馆    
2 859257   208592575   第四借阅区/ [索取号:G256.22-53/82] 在馆    
3 859258   208592584   第四借阅区/ [索取号:G256.22-53/82] 在馆    
4 859259   208592593   第四借阅区/ [索取号:G256.22-53/82] 在馆    
5 859260   208592600   第四借阅区/ [索取号:G256.22-53/82] 在馆    
唐山师范学院图书馆 欢迎您!
大连网信软件有限公司© 版权所有